| 000 | 00860nam a2200181 i 4500 | ||
|---|---|---|---|
| 001 | 179834 | ||
| 003 | ES-MaACL | ||
| 005 | 20240821103822.0 | ||
| 008 | 120131s1924 sp |||| | spa d | ||
| 245 | 0 | 3 |
_aEl Trabajo (propaganda gratuita) _b: número extraordinario dedicado a Juan B. Acher "El Poeta", condenado a muerte. |
| 260 |
_aManresa : _b[s.n.], _c1924 ( _fImp. El Trabajo) |
||
| 300 |
_a16 p. : _bil. ; _c22 cm. |
||
| 500 | _aEs el número 63, Año III, nº 63, año 1924 de la revista "El Trabajo", publicada en Manresa. Número extraordinario dedicado a Juan Baustista Acher, contine caricaturas suyas y fotografía. | ||
| 594 | _aDatos tomados de la cubierta y principio del texto. | ||
| 600 | 1 | 7 |
_aAcher, Juan Bautista, _d1897-1967 _2 _9149263 |
| 852 |
_aES-MaACL _j1667-F-9 _z.- Dedicatoria manuscrita "J.J.M. 1924" |
||
| 999 |
_c179834 _d179834 |
||